|
|
|
|
| LEADER |
00685nta a2200193 i 4500 |
| 001 |
dipl96034 |
| 005 |
20201216113703.0 |
| 008 |
201214s2006 hu om 0|| zxx d |
| 040 |
|
|
|a SZTE Diploma Repozitórium
|b hun
|
| 041 |
|
|
|a zxx
|
| 100 |
1 |
|
|a Petrus Norbert
|
| 245 |
1 |
0 |
|a Romantikus elemek Victor Hugo A párizsi Notre-Dame című regényében
|h [elektronikus dokumentum] /
|c Norbert Petrus
|
| 260 |
|
|
|c 2006
|
| 650 |
|
4 |
|a Bölcsészettudományok
|
| 650 |
|
4 |
|a Humanities
|
| 650 |
|
4 |
|a Languages and Literature
|
| 650 |
|
4 |
|a General literature studies
|
| 700 |
1 |
|
|a Gyémánt Csilla
|e ths
|
| 856 |
4 |
0 |
|u http://diploma.bibl.u-szeged.hu/id/eprint/96034/1/2006_petruis_norbert.pdf
|z Dokumentum-elérés
|